00638nam a22001937a 4500003000900000008004100009020001800050040007100068082002600139100002700165245005300192260004000245300003100285650002300316650002600339650002600365650001400391710003900405AR-CdUCM190304b ||||| |||| 00| 0 spa d a9786120046357 aMUNICIPALIDAD PROVINCIAL DEL CUSCOcBIBLIOTECA MUNICIPAL DEL CUSCO a869.57/M8482EbM8482E aMontes, Carlos Gabriel aEcho de menos el olvido /cCarlos Gabriel Montes aCusco :b[s.n.],bEco Print,c2019. a56, [1] paginas ;c20 cm. aPoesías peruanas aLiteratura cusqueña aLiteratos cusqueños aSiglo XXI aMunicipalidad Provincial del Cusco